| 000 | 00451nam a22001697a 4500 | ||
|---|---|---|---|
| 003 | CEME | ||
| 005 | 20210628210604.0 | ||
| 008 | 210210b xxu||||| |||| 00| 0 eng d | ||
| 040 | _c. | ||
| 082 | _a891.439 ATT | ||
| 100 |
_aAtta-Ur-Rahman Ghoar Noshaie.Dr _980082 |
||
| 245 | _aPunjab key ilmi wa adabi anjumanay | ||
| 260 |
_aISLAMABAD _bNATIONAL BOOK FOUNDATION _c1997 |
||
| 300 | _a234P | ||
| 650 |
_aURDU ADAB-PUNJAB _980083 |
||
| 942 |
_cBK _2ddc |
||
| 999 |
_c585048 _d585048 |
||